Rennie v Secretary of State for the Home Department (Record no. 121612)
[ view plain ]
| 000 -LEADER | |
|---|---|
| fixed length control field | 01035nas a22001817a 4500 |
| 007 - PHYSICAL DESCRIPTION FIXED FIELD--GENERAL INFORMATION | |
| fixed length control field | ta |
| 008 - FIXED-LENGTH DATA ELEMENTS--GENERAL INFORMATION | |
| fixed length control field | 230531e20230714xxk||||os||||o00| 0 eng d |
| 041 ## - LANGUAGE CODE | |
| Language code of text/sound track or separate title | eng |
| 245 ## - TITLE STATEMENT | |
| Title | Rennie v Secretary of State for the Home Department |
| 260 ## - PUBLICATION INFORMATION | |
| Place of publication | [2023] EWHC 1794 (Admin) |
| Publisher | King's Bench Division |
| Date | 14 July 2023 |
| 520 ## - ABSTRACT | |
| Abstract | The secretary of state, who had responsibility for national fire safety legislation and guidance, had been entitled to decide not to implement recommendations made by the chair of the public inquiry into the Grenfell Tower fire to require the owner and manager of every high-rise residential building to prepare personal emergency evacuation plans for all residents whose ability to self-evacuate could be compromised. |
| 650 ## - KEYWORDS | |
| Keywords | BUILDING SAFETY ACT 2022 |
| 650 ## - KEYWORDS | |
| Keywords | DISABILITY DISCRIMINATION |
| 650 ## - KEYWORDS | |
| Keywords | FIRE SAFETY |
| 650 ## - KEYWORDS | |
| Keywords | HIGH RISE BUILDINGS |
| 651 ## - SUBJECT ADDED ENTRY--GEOGRAPHIC NAME | |
| Geographic name | United Kingdom |
| 856 ## - ONLINE RESOURCE | |
| Uniform Resource Identifier | https://caselaw.nationalarchives.gov.uk/ewhc/admin/2023/1794 |
| Public note | Available on the National Archives case law database |
| Withdrawn status | Lost status | Damaged status | Koha normalized classification for sorting | Not for loan | Home library | Current library | Shelving location | Date acquired | Total Checkouts | Full call number | Date last seen | Price effective from | Koha item type |
|---|---|---|---|---|---|---|---|---|---|---|---|---|---|
| ONLINE_JUDGMENT | Virtual | Virtual | Online | 19/07/2023 | ONLINE JUDGMENT | 19/07/2023 | 19/07/2023 | Law report |